Consultas sobre el asma en Pediatría. (Registro nro. 2191)
[ vista simple ]
| 000 -LEADER | |
|---|---|
| fixed length control field | 01097nam a2200301 a 4500 |
| 005 - FECHA ULTIMA MODIFICACION | |
| control field | 20240507105426.0 |
| 008 - CAMPO DE CONTROL (LIBRO) | |
| fixed length control field | 100428t2013||||ag a f |||| 000 0 spa d |
| 020 ## - INTERNATIONAL STANDARD BOOK NUMBER | |
| ISBN | 9789509647961 |
| 041 ## - CODIGO DE IDIOMA | |
| Código de idioma del texto/pista de sonido o título separado | spa |
| 092 ## - SIGNATURA TOPOGRAFICA DEWEY LOCAL | |
| número de clasificación | 616.97 |
| libristica | 11 |
| sección | CHI |
| 100 1# - ENTRADA PRINCIPAL--NOMBRE PERSONAL | |
| Nombre personal | Chidekel, Aaron S. |
| 9 (RLIN) | 3770 |
| 245 ## - TITULO PROPIAMENTE DICHO | |
| Título | Consultas sobre el asma en Pediatría. |
| Subtítulo y Título paralelo | 49 preguntas clínicas / |
| Mención de responsabilidad y remanente de la transcripción de la portada | Aaron S. Chidekel. |
| 250 ## - MENCION DE EDICION | |
| Mención de edición | 1a ed. |
| Mención de responsabilidad relacionada con la ed. | Traducción Olga Burlak |
| 260 ## - PIE DE IMPRENTA | |
| Lugar de publicación, distribución, etc | Buenos Aires: |
| Nombre de la editorial, distribuidor, etc | Anejo; |
| Fecha de publicación | 2013. |
| 300 ## - DESCRIPCION FISICA | |
| Extension | 245 p. |
| Otros detalles físicos | il. |
| 500 ## - NOTA GENERAL | |
| Nota general | Chidekel, A. S. y Zaoutis, L. B. (2013). Consultas sobre el asma en pediatría. 49 preguntas clínicas. (1a ed.). Buenos Aires : Anejo. |
| 653 ## - TÉRMINO INDIZADO - PALABRAS CLAVES | |
| Palabra clave | Epidiomiología del asma |
| 653 ## - TÉRMINO INDIZADO - PALABRAS CLAVES | |
| Palabra clave | Fisiopatología del asma |
| 653 ## - TÉRMINO INDIZADO - PALABRAS CLAVES | |
| Palabra clave | Tratamiento del asma |
| 653 ## - TÉRMINO INDIZADO - PALABRAS CLAVES | |
| Palabra clave | Influencias ambientales |
| 653 #3 - TÉRMINO INDIZADO - PALABRAS CLAVES | |
| Palabra clave | El paciente externo con asma |
| 653 ## - TÉRMINO INDIZADO - PALABRAS CLAVES | |
| Palabra clave | Emergencia asmática y cuidado del paciente internado |
| 653 ## - TÉRMINO INDIZADO - PALABRAS CLAVES | |
| Palabra clave | Educación respecto del asma |
| 653 ## - TÉRMINO INDIZADO - PALABRAS CLAVES | |
| Palabra clave | Pruebas para el asma |
| 653 ## - TÉRMINO INDIZADO - PALABRAS CLAVES | |
| Palabra clave | Otras claves del tratamiento |
| 700 1# - ENTRADAS SECUNDARIAS - NOMBRE PERSONAL | |
| Nombre personal | Zaoutis, Lisa B. |
| 9 (RLIN) | 3771 |
| 942 ## - ADDED ENTRY ELEMENTS (KOHA) | |
| Source of classification or shelving scheme | Dewey Decimal Classification |
| Item type | Libros |
| Estado de retiro | Existencia | Fuente de clasificación | Estado general | No para prestamo | Ubicación permanente | ubicación actual | Sala de ubicación | Fecha de adquisición | Fuente de adquisición | Total Checkouts | Número de clasificación | Código de barras | Date last seen | Número de ejemplar | Price effective from | Koha tipo de elemento (item) | Public note |
|---|---|---|---|---|---|---|---|---|---|---|---|---|---|---|---|---|---|
| Dewey Decimal Classification | Biblioteca Medicina | Biblioteca Medicina | Circulación | 07/09/2015 | Donación Luis Pizarro, Septiembre de 2015 | 616.97 11 CHI | 3522 | 07/09/2015 | Ej.1 | 07/09/2015 | Libros | Donación Luis Pizarro, Septiembre 2015 |